000 00287nam a2200121Ia 4500
005 20251222141858.0
008 251222s9999||||xx |||||||||||||| ||spa||
082 _a709.04/C75
100 _aWarhol a Cabrita Reis
245 0 _aColección MMKSLW
264 _bXunta de Galicia
942 _cLIB
999 _c7978
_d7978